000 00270nam a2200109Ia 4500
008 190914s9999||||xx |||||||||||||| ||und||
100 _aKhawaja Shams-u-ddin Azeemi
245 0 _aPeraphychology
260 _aLahore
_bMaktabahi Azeemiyah
_c2003
300 _a368
942 _cBK
999 _c9319
_d9319